02650nam a2200397uu 4500001000800000005001700008008004100025020001800066035001200084040001300096041000800109082000800117100003700125245005900162250001700221260003200238300003500270490003500305520131500340650003101655650003101686650003601717650003701753650004001790650003501830700004001865700003901905700004201944700003101986700004102017700003902058700004002097700004002137700003402177700004102211142142520260508090115.0150918s2013 spa  a9788499805214 a1421425 ccomduadb aspa 4a37110aPérez Pueyo, Ángel4edteedt10aProgramar y evaluar competencias básicas en 15 pasos a1. edición aBarcelona :bGRAÓ,c2013. a222 páginas :bilustraciones0 aGrao Serie Competencias ;v3013 aRESUMEN : La escuela tiene como función principal la formación de las personas del mañana, aunque desconocemos cómo será éste. Esta realidad cambiante nos obliga a enseñar habilidades que permitan interpretar correctamente la información y aprovechar los aprendizajes adquiridos. Durante la última década y como consecuencia de ello, han tomado auge las competencias básicas para el desarrollo integral de la persona y la funcionalidad de los aprendizajes. Sin embargo, pese a su evidente importancia, no existe en España ninguna propuesta oficial que indique a los docentes cómo trabajar con ellas. Este libro presenta una propuesta de integración de dichas competencias básicas en los centros educativos a través de 15 pasos. CONTENIDO : Prólogo. -- Presentación. -- El proyecto de Integración de las Competencias Básicas en el currículo de la educación obligatoria (INCOBA) : Nuestro punto de partida : estudio de las CCBB en el panorama educativo español. -- La programación de las CCBB en el marco escolar : una solución coherente. -- Hoja de ruta para la contribución a las CCBB : las claves del proceso paso a paso. -- Ejemplificaciones prácticas del desarrollo de la propuesta INCOBA en centros escolares. -- Referencias bibliográficas. -- Anexos aEnseñanza - Evaluación aCurrículo de educación aEducación - Planes de estudio 7aCompetencia en educación2lemb aCompetencia en educación superior 7aMétodos de enseñanza2lemb10aCasado Berrocal, Oscar M.4auteaut10aHeras Bernardino, Carlos4auteaut10aBarba Martín, José Juan4auteaut10aVega Cobo, David4auteaut10aHerrán Álvarez, Israel4auteaut10aPablos González, Laura4auteaut10aCenteno Fernández, Luis4auteaut10aMartínez Benito, Raúl4auteaut10aMontiel Nava, Marta4auteaut10aMuñoz de Frutos, María4auteaut